Taylor Swift - The Last Time Lyrics - Statistics

General Stats
  • This quiz has been taken 151 times
  • The average score is 410 of 438
Answer Stats
Answer % Correct
I
100%
is
100%
last
100%
Last
100%
the
100%
This
100%
this
100%
(This
100%
this)
100%
time
100%
to
100%
of
99%
you
99%
You
99%
(You
99%
your
99%
an
97%
I’m
97%
I'm
97%
my
97%
at
96%
In
96%
in
96%
And
95%
and
95%
asking
95%
before
95%
door
95%
name
95%
Put
95%
(Put
95%
top
95%
all
93%
All
93%
break
93%
heart
93%
heart)
93%
like
93%
list
93%
list)
93%
me
93%
eye
92%
Just
92%
just
92%
No
92%
no
92%
go
91%
those
91%
times
91%
why
91%
why)
91%
blink
89%
let
89%
for
86%
eyes
84%
got
84%
leave
84%
find
83%
myself
83%
Oh
83%
oh
83%
right
83%
again
82%
it
82%
not
82%
tell
82%
there
82%
wear
82%
apology
80%
best
80%
everything
80%
Everything
80%
watch
80%
"It's
79%
was
79%
anymore
78%
better
78%
here
78%
say
78%
yourself
78%
alone
76%
how
76%
along"
75%
been
75%
But
75%
reasons
75%
sure
75%
won't
75%
I've
74%
wrong
74%
breaking
72%
lead
72%
room
72%
hurt
71%
open
70%
they
70%
when
70%
feels
68%
back
67%
home
67%
roads
67%
into
66%
are
64%
come
63%
imagine
63%
mine
63%
hide
57%
Disappear
54%
past
53%
nowhere
51%
aching
37%
No matching quizzes found
Score Distribution
Percent of People with Each Score
Percentile by Number Answered
Your Score History
You have not taken this quiz